| 000 | 00962nas a2200301 4500 | ||
|---|---|---|---|
| 001 | BR0102881 | ||
| 003 | BR-BrBNA | ||
| 005 | 20231205102306.0 | ||
| 007 | ta | ||
| 008 | 230509b bl.|||p| |||| 00| 00por d | ||
| 040 |
_aBR-BrBNA _bpor _cBiblioteca Nacional de Agricultura |
||
| 041 | _a(Pt) | ||
| 072 | _aL73; L70 | ||
| 100 | 1 | _aCatroxo, M.H.B. | |
| 100 | 1 | _aSilva, J.C.R. | |
| 100 | 1 | _aOliveira, M.F. | |
| 100 | 1 | _aCappellaro, C.E.M.P.D.M. | |
| 100 | 1 | _aMueller, S.B.K. | |
| 245 | 1 | _aPresenca de particulas semelhantes a rota virus em fezes de gambas-de-orelhas-pretas (Didelphis marsupialis)na regiao da Mata Atlantica, Brasil | |
| 650 | _aGamba | ||
| 650 | _aFezes | ||
| 650 | _aRotavirus | ||
| 650 | _aMicroscopia Eletronica | ||
| 650 | _aSao Paulo | ||
| 773 | 0 |
_tArquivos do Instituto Biologico (Brazil) _xISSN 0020-3653 _g(Jan-Jun 1996), v. 63(1) p. 21-24 _wBR0102881 |
|
| 909 |
_a202311 _bLúcia _c55 _dLúcia Elande |
||
| 942 |
_2AGRIS _n0 _cANA |
||
| 999 |
_c166821 _d166821 |
||